| 000 | 00663nam a22002297a 4500 | ||
|---|---|---|---|
| 003 | UA-OsUOA | ||
| 001 | 90757 | ||
| 007 | ta | ||
| 008 | 20121120b un ||||| |||| 00| 0 ukr d | ||
| 100 | _aОрдівський С. | ||
| 090 |
_a821.161.2 _bО-65 |
||
| 942 | _cBK | ||
| 040 |
_aUA-OsUOA _bukr _cUA-OsUOA _dUA-OsUOA |
||
| 245 |
_aЧорна ігуменя _bісторико-пригодницькі повісті |
||
| 300 | _a412 с. | ||
| 955 | _a3 | ||
| 041 | _aukr | ||
| 080 | _a821.161.2 | ||
| 260 |
_aЛьвів _bЧервона калина _c1994 |
||
| 650 | 7 |
_a82 Література. Літературознавство _2UDC |
|
| 999 |
_c377034 _d377034 |
||